| 000 | 00338 a2200109 4500 | ||
|---|---|---|---|
| 001 | ART_52310 | ||
| 005 | 20260410161758.0 | ||
| 008 | 260409a | ||
| 245 | 1 | 0 | _aAspectos técnicos del aporte solidario y extraordinario |
| 100 | 1 | _aMastandrea, Alberto F. | |
| 773 | 0 |
_tDoctrina tributaria _g- N°491 (feb. 2021) _wREV4296 |
|
| 999 |
_c20346 _d20346 |
||